LEADER 01446nam a2200241 4500 001 000000367824 003 CaOOAMICUS 005 20260515124403.0 008 260515s19862005fr 000 u fre r 040 $aSeMil$bita 100 1 $aSiegwalt, Gérard,$d<1932- >.$0(OLS)http://semarc/name/2566 245 10$aDogmatique pour la catholicité évangélique :$bsystème mystagogique de la foi chrétienne /$cGérard Siegwalt. 264 1$aParis :$bLes Éditions du Cerf ;$aGenève :$bLabor et Fides,$c1986-2005. 300 $a5 v. (in 8 tomi) ;$c22 cm 650 4$aFede cristiana.$0(OLS)http://semarc/subject/3433 774 0 $aSiegwalt, Gérard <1932- >$tFondements de la foi.$dGenève : Labor et Fides ; Paris : Les Éditions du Cerf, 1986-1987.$w()3365 774 0 $aSiegwalt, Gérard <1932- >$tRéalisation de la foi.$dParis : Les Éditions du Cerf, 1991-1992.$w()3366 774 0 $aSiegwalt, Gérard <1932- >$tAffirmation de la foi.$dParis : Les Éditions du Cerf, 1996-2000.$w()3367 774 0 $aSiegwalt, Gérard <1932- >$tAffirmation de la foi.$dParis : Les Éditions du Cerf, 2004-2005.$w()367827 996 $6245$aDogmatique pour la catholicité évangélique :$bsystème mystagogique de la foi chrétienne$9(OLS)http://semarc/title/5760 996 $6264$aParis :$bLes Éditions du Cerf$9(OLS)http://semarc/publisher/29611 996 $6264$aGenève :$bLabor et Fides$9(OLS)http://semarc/publisher/31164